[Event "CFriend SH-2004-0-00016 email"]
[Site "Chessfriend.com"]
[Date "2004.01.28"]
[Round "?"]
[White "Dyakov, Alexander V"]
[Black "Sekret, Roman"]
[Result "0-1"]
[WhiteElo "2274"]
[BlackElo "2273"]
[PlyCount "50"]
[EventDate "2004.01.28"]
[EventType "tourn (corr)"]
[EventRounds "6"]
[SourceTitle "Corr 2008"]
[Source "ChessBase"]
[SourceDate "2008.06.24"]
[SourceVersion "1"]
[SourceVersionDate "2008.06.24"]
[SourceQuality "1"]

1. e4 c5 2. Nf3 Nc6 3. d4 cxd4 4. Nxd4 Nf6 5. Nc3 d6 6. Bg5 Bd7 7. Qd2 Rc8 8. 0-0-0 Nxd4 9. Qxd4 Qa5 10. Bxf6 gxf6 11. Kb1 Qc5 12. Qd2 Bg7 13. Nd5 f5 14. c3 h6 15. Qf4 e6 16. Qg3 Rg8 17. Nf6+ Bxf6 18. Qxg8+ Ke7 19. Qg3 fxe4 20. Be2 d5 21. Rc1 b5 22. f3 b4 23. fxe4 bxc3 24. e5 c2+ 25. Ka1 Bg5 0-1

[Event "CFriend SH-2004-0-00016 email"]
[Site "Chessfriend.com"]
[Date "2004.01.28"]
[Round "?"]
[White "Vidalina, Franjo"]
[Black "Sekret, Roman"]
[Result "1/2-1/2"]
[WhiteElo "2226"]
[BlackElo "2269"]
[PlyCount "80"]
[EventDate "2004.01.28"]
[EventType "tourn (corr)"]
[EventRounds "6"]
[SourceTitle "Corr 2008"]
[Source "ChessBase"]
[SourceDate "2008.06.24"]
[SourceVersion "1"]
[SourceVersionDate "2008.06.24"]
[SourceQuality "1"]

1. e4 c5 2. Nf3 Nc6 3. d4 cxd4 4. Nxd4 Nf6 5. Nc3 d6 6. Bg5 Bd7 7. Qd2 Rc8 8. f4 Nxd4 9. Qxd4 Qa5 10. e5 dxe5 11. fxe5 e6 12. 0-0-0 Bc6 13. Bxf6 gxf6 14. Ne4 Rd8 15. Nxf6+ Ke7 16. Qxd8+ Qxd8 17. Rxd8 Kxd8 18. Bc4 Bh6+ 19. Kb1 Bf4 20. Rf1 Bxh2 21. Ng4 Bg3 22. Nh6 Rf8 23. Bxe6 Bxg2 24. Rf5 Be4 25. Rf1 Bxe5 26. Nxf7+ Ke7 27. Bc4 Bg3 28. Rg1 Bf2 29. Rf1 Bg6 30. Rxf2 Bxf7 31. Re2+ Kf6 32. Rf2+ Kg7 33. Rg2+ Bg6 34. Kc1 h5 35. Bd3 Rf6 36. Kd2 Kh6 37. Ke3 h4 38. Bxg6 Rxg6 39. Rd2 Rf6 40. c4 Rf7 1/2-1/2

[Event "IECG CA.2003.0.00108 email"]
[Site "IECG email"]
[Date "2003.11.02"]
[Round "?"]
[White "Jabot, Daniel"]
[Black "Sekret, Roman"]
[Result "0-1"]
[WhiteElo "2046"]
[BlackElo "2000"]
[PlyCount "46"]
[EventDate "2003.11.02"]
[EventType "tourn (corr)"]
[EventRounds "6"]
[SourceTitle "Corr 2008"]
[Source "ChessBase"]
[SourceDate "2008.06.24"]
[SourceVersion "1"]
[SourceVersionDate "2008.06.24"]
[SourceQuality "1"]

1. e4 c5 2. Nf3 Nc6 3. d4 cxd4 4. Nxd4 Nf6 5. Nc3 d6 6. Bg5 Bd7 7. Qd2 Rc8 8. 0-0-0 Nxd4 9. Qxd4 Qa5 10. Bd2 e5 11. Qd3 a6 12. Kb1 Ng4 13. Nd5 Qc5 14. Qb3 Qc6 15. Be1 Nf6 16. Nxf6+ gxf6 17. Qd3 Be6 18. Bc3 Be7 19. f4 Qc4 20. Qxc4 Bxc4 21. Bxc4 Rxc4 22. Rhe1 Rg8 23. Re2 Rg4 0-1

[Event "IECG CA.2003.0.00108 email"]
[Site "IECG email"]
[Date "2003.11.02"]
[Round "?"]
[White "Sekret, Roman"]
[Black "Canizares Cuadra, Pedro"]
[Result "1/2-1/2"]
[WhiteElo "2000"]
[BlackElo "2065"]
[PlyCount "77"]
[EventDate "2003.11.02"]
[EventType "tourn (corr)"]
[EventRounds "6"]
[SourceTitle "Corr 2008"]
[Source "ChessBase"]
[SourceDate "2008.06.24"]
[SourceVersion "1"]
[SourceVersionDate "2008.06.24"]
[SourceQuality "1"]

1. d4 d5 2. c4 c6 3. Nf3 Nf6 4. e3 Bf5 5. Nc3 e6 6. Nh4 Bg4 7. Qb3 Qb6 8. Qxb6 axb6 9. f3 Bh5 10. g4 Bg6 11. g5 Nfd7 12. cxd5 cxd5 13. e4 dxe4 14. Nxg6 hxg6 15. fxe4 Bd6 16. Nb5 Ke7 17. e5 Bb4+ 18. Kf2 f6 19. gxf6+ gxf6 20. Bd3 Kf7 21. exf6 Nc6 22. Bg5 Nxf6 23. Rhf1 Nd5 24. a3 Rh5 25. h4 Be7 26. Be2 Rhh8 27. Kg3+ Kg7 28. Rae1 Bxg5 29. hxg5 Nce7 30. Bg4 Nf5+ 31. Bxf5 exf5 32. Nc7 Nxc7 33. Re7+ Kf8 34. Rxc7 Rh5 35. Rxb7 Rxg5+ 36. Kf3 Rg4 37. Rxb6 Ra4 38. Rd1 Kf7 39. Rd6 1/2-1/2